000 00476nam a2200229Ia 4500
003 IT-RoPAU
008 120407s9999 xx 000 0 und d
040 _aIT-RoPAU
040 _cIT-RoPAU
041 _aita
100 _aHenri de Lubac
245 _aAlla ricerca di un uomo nuovo.
250 _aTorino
260 _aBorla
260 _c1964
300 _a125 p.
300 _c21 cm
490 _aIdee e la vita
490 _v112
942 _cBK
999 _c24913
_d24913